00468nam a2200109Ia 4500008004100000082000800041100001900049245023700068260003600305300000900341365000800350220603s9999 xx 000 0 und d bPRA aPrakash Navami aStudy to assess the effectiveness of self instructional module knowledge and knowledge of practice regarding nursing interventions to reduce the risk of catheter associated urinary tract infections in patients among the staff nurses aKarnatakabKLE Universityc2013 a139p bRs.